000 00552nam a2200181 a 4500
005 20140310183454.0
008 060818s19uu xx 00 eng d
020 _a9780333986653
050 _aHF 5549
_b.N4735 2006
100 _aNieto, Michael L.
245 _aAn introduction to human resource management :
_ban integrated approach /
_cMichael L. Nieto
260 _aNew York :
_bPalgrave McMillan,
_c2006.
300 _a284 p. :
_bill. ;
_c24 cm.
521 _aBSBA
650 _aPersonnel management.
942 _cBK
_2lcc
_kFOR
999 _c23544
_d23544